000 01117nam a2200337Ia 4500
001 dia_3152
003 CHAP
005 20230926130457.0
008 220117s1994 xx 000 0 und d
010 _a173651
020 _a968-880-465-7
040 _cCHAP
082 _a005.3695 B57 1994
100 _aBirmele, Ricardo
_9154175
245 _aExcel fácil /
_c Ricardo Birmele ; traducción Gabriel Sánchez García
260 _aMéxico :
_b Prentice-Hall,
_c1994
300 _axvii, 286 p.
500 _aTítulo original: The complete idiot's guide to Excel
503 _aD.
590 _aHF5548.4.M523 B57 1994
650 _aBusiness
_xComputer programs
_9147215
650 _aElectronic spreadsheets
_9147153
650 _aMicrosoft Excel (Computer file)
_9147155
650 0 _aMicrosoft Excel (Programa de computadora)
_9154176
650 _aNegocios
_xProgramas para computadora
_9147156
700 _aSánchez García, Gabriel
_9147131
901 _a005.3695 B57 1994
902 _aM
905 _a5232271994 MX A 8222223322SPA16
942 _cLIBRO
_2ddc
999 _c173651
_d173651